Joueurs de l'équipe de France de football 2026 - Statistiques

Statistiques générales
  • Ce quiz a été pris 229 fois
  • Le résultat moyen est 18 sur 25
Statistiques - réponses
Hint Réponse % Correct
Gardien Mike Maignan
95%
Attaquant Kylian Mbappé
92%
Gardien Lucas Chevalier
90%
Attaquant Ousmane Dembélé
87%
Gardien Brice Samba
86%
Défenseur Théo Hernandez
86%
Défenseur Lucas Hernandez
86%
Défenseur Dayot Upamecano
82%
Attaquant Désiré Doué
82%
Défenseur Ibrahima Konaté
81%
Attaquant Michael Olise
79%
Milieu de terrain Aurélien Tchouaméni
78%
Attaquant Marcus Thuram
77%
Milieu de terrain N'Golo Kanté
77%
Attaquant Rayan Cherki
76%
Milieu de terrain Eduardo Camavinga
75%
Milieu de terrain Adrien Rabiot
74%
Défenseur Lucas Digne
73%
Attaquant Hugo Ekitiké
67%
Défenseur Malo Gusto
58%
Milieu de terrain Warren Zaïre-Emery
58%
Attaquant Randal Kolo Muani
57%
Défenseur Maxence Lacroix
52%
Attaquant Maghnes Akliouche
46%
Défenseur Pierre Kalulu Kyatengwa
33%
Aucun quiz correspondant
Distribution des résultats
% des personnes avec chaque résultat
Percentile par nombre de réponses
Votre historique - résultats
Vous n’avez pas pris ce quiz